• 首页
  • 本馆介绍
  • 公告通知
  • 最新文献
  • 馆藏检索
  • 电子资源
  • 读者导购
  • 参考咨询
  • 我的图书馆
  • 登录
  • 详细信息显示
  • 放入我的书架
  • 预约/预借图书
  • 作者相关作品
  • 分类相关作品
  • 丛书相关作品
  • 出版社相关作品

书目信息

  • 表格格式
  • 工作单格式
  • 卡片格式
题名:
灾害事故应急救援理论与方法
    
 
作者: 郭其云 著
分册:  
出版信息: 北京   经济科学出版社  2018.03
页数: 301页
开本: 24cm
丛书名:
单 册:
中图分类: X928.04
科图分类:
主题词: 突发事件--救援
电子资源:
ISBN: 978-7-5141-9061-8
000 00802nam0 2200217 450
001 3675
005 20181008115437.62
010    @a978-7-5141-9061-8@dCNY98.00
100    @a20180714d2018 em y0chiy50 ea
101 0  @achi
102    @aCN@b110000
105    @aa z 000yy
200 1  @a灾害事故应急救援理论与方法@9zai hai shi gu ying ji jiu yuan li lun yu fang fa@f郭其云等著
210    @a北京@c经济科学出版社@d2018.03
215    @a301页@c图@d24cm
330    @a本书分为十章内容,主要包括:绪论;应急救援管理体系;应急救援预案;应急救援准备;检测与预警;灾害事故应急响应与处置;典型灾害事故的应急救援方法;典型灾害事故的应急救援技术;恢复重建等。
606 0  @a突发事件@x救援
690    @aX928.04@v5
701  0 @a郭其云@9guo qi yun@f(1964-)@4著
801  0 @aCN@b91MARC@c20180714
905    @aMuseLib@dX928.04@e48
    
    灾害事故应急救援理论与方法/郭其云等著.-北京:经济科学出版社,2018.03
    301页:图;24cm
    
    
    ISBN 978-7-5141-9061-8:CNY98.00
    本书分为十章内容,主要包括:绪论;应急救援管理体系;应急救援预案;应急救援准备;检测与预警;灾害事故应急响应与处置;典型灾害事故的应急救援方法;典型灾害事故的应急救援技术;恢复重建等。
●
相关链接 在E读中查询图书 在五车中查询图书 在当当中查询图书 在豆瓣中查询图书


正题名:灾害事故应急救援理论与方法     索取号:X928.04/48         预约/预借

序号 登录号 条形码 馆藏地/架位号 状态 备注
1 1123167   211231674   第二样本阅览室/ [索取号:X928.04/48] 在馆    
2 1123168   211231683   第三借阅区/ [索取号:X928.04/48] 在馆    
3 1123169   211231692   第三借阅区/ [索取号:X928.04/48] 在馆    
4 1123170   211231709   密集书库-资源管理系/ [索取号:X928.04/48] 在馆    
5 1123171   211231718   第三借阅区/ [索取号:X928.04/48] 在馆    
唐山师范学院图书馆 欢迎您!
大连网信软件有限公司© 版权所有